[Event "Memorial J T Mangini"]
[Site "Rio de Janeiro"]
[Date "2011.03.29"]
[Round "1.1"]
[White "Teixeira, Ricardo Da Silva"]
[Black "Cubas, Jose Fernando"]
[Result "0-1"]
[WhiteElo "2311"]
[BlackElo "2463"]
[PlyCount "85"]
[EventDate "2011.03.29"]
[EventType "tourn"]
[EventRounds "9"]
[EventCountry "BRA"]
[EventCategory "3"]

1. d4 Nf6 2. Nf3 e6 3. e3 b6 4. Bd3 Bb7 5. Nbd2 c5 6. c3 Be7 7. O-O O-O 8. Re1
Nc6 9. a3 d5 10. Qe2 Qc7 11. dxc5 Bxc5 12. b4 Bd6 13. Bb2 Ne5 14. Nxe5 Bxe5 15.
f4 Bd6 16. c4 Qe7 17. cxd5 Nxd5 18. Nc4 Bc7 19. Ne5 Rac8 20. Rac1 Bd6 21. g3 a5
22. e4 Nf6 23. Ng4 Nxg4 24. Qxg4 f5 25. exf5 Rxc1 26. Rxc1 exf5 27. Qe2 Qxe2
28. Bxe2 axb4 29. axb4 Re8 30. Bc4+ Kf8 31. b5 Bc5+ 32. Kf1 Bf3 33. Be5 Bg4 34.
Bd3 Rd8 35. Be2 Rd2 36. Bxg4 fxg4 37. Ra1 Rxh2 38. Ra8+ Kf7 39. Ra7+ Ke6 40.
Rxg7 Kf5 41. Rg5+ Ke4 42. Rxg4 Kf3 43. Rh4 0-1

[Event "Memorial J T Mangini"]
[Site "Rio de Janeiro"]
[Date "2011.03.29"]
[Round "1.2"]
[White "Di Berardino, Diego Rafael"]
[Black "De Paiva, Pedro Henrique"]
[Result "1-0"]
[WhiteElo "2480"]
[BlackElo "2242"]
[PlyCount "73"]
[EventDate "2011.03.29"]
[EventType "tourn"]
[EventRounds "9"]
[EventCountry "BRA"]
[EventCategory "3"]

1. d4 Nf6 2. c4 g6 3. Nc3 d5 4. Nf3 Bg7 5. Bf4 O-O 6. Rc1 c5 7. dxc5 Qa5 8.
cxd5 Rd8 9. Qd2 e6 10. d6 Qxc5 11. e4 Qa5 12. Be2 Nc6 13. O-O Bd7 14. Rfd1 a6
15. a3 b5 16. h3 Be8 17. Bh6 b4 18. Bxg7 Kxg7 19. axb4 Qxb4 20. Qe3 Nd7 21. Na2
Qa4 22. b3 Qxa2 23. Rxc6 Qa5 24. Rc7 Nf6 25. Bc4 Qxc7 26. dxc7 Rxd1+ 27. Kh2
Rc8 28. Qc3 Rxc7 29. g4 h6 30. h4 e5 31. Qxe5 Rc6 32. g5 hxg5 33. hxg5 Bd7 34.
gxf6+ Rxf6 35. Qc3 Bc6 36. Ng5 Rd8 37. Nh7 1-0

[Event "Memorial J T Mangini"]
[Site "Rio de Janeiro"]
[Date "2011.03.29"]
[Round "1.3"]
[White "Chauca, Jose"]
[Black "Barbosa, Evandro Amorim"]
[Result "0-1"]
[WhiteElo "2072"]
[BlackElo "2319"]
[PlyCount "108"]
[EventDate "2011.03.29"]
[EventType "tourn"]
[EventRounds "9"]
[EventCountry "BRA"]
[EventCategory "3"]

1. d4 Nf6 2. Nf3 g6 3. g3 Bg7 4. Bg2 d5 5. O-O O-O 6. b3 c6 7. Bb2 Bf5 8. Nbd2
Na6 9. c4 Ne4 10. Nh4 Nxd2 11. Qxd2 Be6 12. cxd5 cxd5 13. f4 Qd7 14. Rac1 Nc7
15. Qd3 Rac8 16. f5 Bxf5 17. Nxf5 gxf5 18. Rxf5 e6 19. Rff1 f5 20. Rc5 Rcd8 21.
Rc2 Rc8 22. Rfc1 Bh6 23. e3 Na6 24. Ba3 Rfe8 25. Kf2 Rxc2+ 26. Rxc2 Nc7 27. Bb2
Nb5 28. Qd1 Qf7 29. Bf3 Qf6 30. Qd3 a6 31. a4 Nd6 32. Kg2 Kh8 33. Rc7 Qd8 34.
Rc2 Rg8 35. Kh1 Qg5 36. Bc1 Qg6 37. Qf1 Bg5 38. Qh3 Bh6 39. Qf1 Qe8 40. Qd3 Qd7
41. Qf1 Rc8 42. Qd3 Rc6 43. Kg2 Ne4 44. Rxc6 Qxc6 45. Bb2 Ng5 46. Be2 Nf7 47.
Ba3 Qc7 48. Bd1 Kg7 49. h4 Nd8 50. Bc2 Bxe3 51. Qxe3 Qxc2+ 52. Kh3 Nf7 53. Qxe6
Qe4 54. Qxe4 dxe4 0-1

[Event "Memorial J T Mangini"]
[Site "Rio de Janeiro"]
[Date "2011.03.29"]
[Round "1.4"]
[White "De Carvalho, Jose Jorge"]
[Black "Stamenkovic, Dragan"]
[Result "0-1"]
[WhiteElo "2208"]
[BlackElo "2389"]
[PlyCount "68"]
[EventDate "2011.03.29"]
[EventType "tourn"]
[EventRounds "9"]
[EventCountry "BRA"]
[EventCategory "3"]

1. d4 Nf6 2. c4 e6 3. Nf3 b6 4. Nc3 Bb4 5. Qb3 c5 6. a3 Bxc3+ 7. Qxc3 Ne4 8.
Qc2 f5 9. g4 Qf6 10. gxf5 exf5 11. Bf4 d6 12. h4 Nc6 13. d5 Ne5 14. Ng5 Nxg5
15. hxg5 Qe7 16. O-O-O O-O 17. Qc3 g6 18. e3 Bd7 19. Be2 Rae8 20. Rh2 Rf7 21.
Rdh1 a6 22. Rh6 Rg7 23. b4 Rc8 24. Kb1 b5 25. cxb5 cxb4 26. Qxb4 Bxb5 27. Bxb5
axb5 28. Bxe5 Qxe5 29. R6h4 Qxd5 30. Re1 Qd3+ 31. Ka1 Ra7 32. Rd4 Rxa3+ 33. Kb2
Qc2+ 34. Kxa3 Ra8+ 0-1

[Event "Memorial J T Mangini"]
[Site "Rio de Janeiro"]
[Date "2011.03.29"]
[Round "1.5"]
[White "Abdalla, Luiz Guilherme Aure"]
[Black "Della Morte, German"]
[Result "1-0"]
[WhiteElo "2322"]
[BlackElo "2351"]
[PlyCount "53"]
[EventDate "2011.03.29"]
[EventType "tourn"]
[EventRounds "9"]
[EventCountry "BRA"]
[EventCategory "3"]

1. d4 Nf6 2. c4 g6 3. Nc3 Bg7 4. e4 d6 5. Be2 O-O 6. Nf3 Na6 7. O-O e5 8. Be3
Ng4 9. Bg5 Qe8 10. h3 h6 11. Bc1 Nf6 12. dxe5 dxe5 13. Be3 Qe7 14. Qc2 Nd7 15.
c5 Ndxc5 16. Nd5 Qd6 17. Rfd1 Kh8 18. Rac1 b6 19. b4 Ne6 20. Nxb6 Nd4 21. Bxd4
Nxb4 22. Bc5 Qxb6 23. Qb3 Be6 24. Qxb4 Qxb4 25. Bxb4 Rab8 26. a3 a5 27. Bc5 1-0

[Event "Memorial J T Mangini"]
[Site "Rio de Janeiro"]
[Date "2011.03.30"]
[Round "2.1"]
[White "Cubas, Jose Fernando"]
[Black "Della Morte, German"]
[Result "1-0"]
[WhiteElo "2463"]
[BlackElo "2351"]
[PlyCount "81"]
[EventDate "2011.03.29"]
[EventType "tourn"]
[EventRounds "9"]
[EventCountry "BRA"]
[EventCategory "3"]

1. e4 d6 2. d4 Nf6 3. Nc3 g6 4. h3 c6 5. a4 a5 6. Nf3 Bg7 7. Be3 Na6 8. Be2 O-O
9. O-O Nb4 10. Nd2 e5 11. dxe5 dxe5 12. Nc4 Be6 13. Qc1 Nd7 14. Rd1 Qc7 15. Qd2
Rfd8 16. Rac1 Nc5 17. Qe1 Rxd1 18. Qxd1 Rd8 19. Qf1 Nd7 20. f3 f5 21. g4 fxg4
22. hxg4 Rf8 23. Qh3 Rf7 24. Qg3 Bf8 25. Kg2 Bg7 26. Qe1 Bf8 27. Qg1 Qd8 28.
Rd1 Nxc2 29. Nxe5 Nxe3+ 30. Qxe3 Rg7 31. Bc4 Bxc4 32. Nxc4 h5 33. e5 hxg4 34.
f4 Qc7 35. Ne4 Be7 36. Qb3 Kh8 37. Rh1+ Rh7 38. Rxh7+ Kxh7 39. Ncd6 Nf8 40.
Qf7+ Kh8 41. Ne8 1-0

[Event "Memorial J T Mangini"]
[Site "Rio de Janeiro"]
[Date "2011.03.30"]
[Round "2.2"]
[White "Stamenkovic, Dragan"]
[Black "Abdalla, Luiz Guilherme Aure"]
[Result "1/2-1/2"]
[WhiteElo "2389"]
[BlackElo "2322"]
[PlyCount "40"]
[EventDate "2011.03.29"]
[EventType "tourn"]
[EventRounds "9"]
[EventCountry "BRA"]
[EventCategory "3"]

1. d4 e6 2. c4 Nf6 3. Nc3 c5 4. Nf3 d5 5. e3 Nc6 6. Be2 dxc4 7. Bxc4 Be7 8. O-O
O-O 9. a3 cxd4 10. exd4 b6 11. Be3 Bb7 12. Qe2 Na5 13. Ba2 Nd5 14. Rac1 Nxc3
15. Rxc3 Rc8 16. Rxc8 Qxc8 17. Rc1 Qa8 18. b4 Nc6 19. d5 exd5 20. Bxd5 Bf6
1/2-1/2

[Event "Memorial J T Mangini"]
[Site "Rio de Janeiro"]
[Date "2011.03.30"]
[Round "2.4"]
[White "De Paiva, Pedro Henrique"]
[Black "Chauca, Jose"]
[Result "1-0"]
[WhiteElo "2242"]
[BlackElo "2072"]
[PlyCount "83"]
[EventDate "2011.03.29"]
[EventType "tourn"]
[EventRounds "9"]
[EventCountry "BRA"]
[EventCategory "3"]

1. e4 c5 2. Nf3 e6 3. b3 a6 4. Bb2 d6 5. d4 cxd4 6. Nxd4 Nf6 7. Bd3 Be7 8. O-O
O-O 9. c4 b6 10. Qe2 Re8 11. Nd2 e5 12. Nc2 Nbd7 13. Ne3 Nc5 14. Rfd1 a5 15.
Bc2 Bb7 16. Nf5 Bf8 17. a3 g6 18. Ng3 Qe7 19. Nb1 h5 20. Nc3 h4 21. Nf1 Ne6 22.
Nb5 Red8 23. f3 Rab8 24. Ne3 Nf4 25. Qf2 N6h5 26. Nc3 Qg5 27. Kf1 Be7 28. Bc1
Kg7 29. a4 Rd7 30. Ned5 Bd8 31. Be3 Bxd5 32. Nxd5 f5 33. Rd2 Kg8 34. Rad1 Rh7
35. Bxf4 exf4 36. exf5 gxf5 37. h3 Rg7 38. Re1 Bf6 39. Nxf6+ Qxf6 40. Kg1 Ng3
41. Qd4 Qxd4+ 42. Rxd4 1-0

[Event "Memorial J T Mangini"]
[Site "Rio de Janeiro"]
[Date "2011.03.30"]
[Round "2.5"]
[White "Teixeira, Ricardo Da Silva"]
[Black "Di Berardino, Diego Rafael"]
[Result "0-1"]
[WhiteElo "2311"]
[BlackElo "2480"]
[PlyCount "84"]
[EventDate "2011.03.29"]
[EventType "tourn"]
[EventRounds "9"]
[EventCountry "BRA"]
[EventCategory "3"]

1. d4 Nf6 2. Nf3 e6 3. g3 b6 4. Bg2 Bb7 5. O-O Be7 6. c4 O-O 7. Nc3 Ne4 8. Nxe4
Bxe4 9. Ne1 Bxg2 10. Nxg2 d5 11. Qa4 Qe8 12. Qxe8 Rxe8 13. cxd5 exd5 14. Bf4
Bf6 15. e3 Na6 16. Rac1 c5 17. dxc5 Nxc5 18. b3 Rad8 19. h4 h5 20. Rfd1 Ne6 21.
Kf1 g6 22. Rc6 Bg7 23. Rd6 Rxd6 24. Bxd6 d4 25. exd4 Nxd4 26. Bf4 Rc8 27. Rc1
Rxc1+ 28. Bxc1 Nc6 29. Bd2 Kf8 30. Ke2 Ke7 31. Kd3 Kd6 32. Ne3 b5 33. a4 bxa4
34. bxa4 Kc5 35. Bc3 Nb4+ 36. Kd2 Bh6 37. f4 Nd5 38. Nxd5 Kxd5 39. Kd3 Bf8 40.
Bd2 f5 41. a5 a6 42. Be3 Bb4 0-1

[Event "Memorial J T Mangini"]
[Site "Rio de Janeiro"]
[Date "2011.03.31"]
[Round "3.1"]
[White "Di Berardino, Diego Rafael"]
[Black "Cubas, Jose Fernando"]
[Result "0-1"]
[WhiteElo "2480"]
[BlackElo "2463"]
[PlyCount "92"]
[EventDate "2011.03.29"]
[EventType "tourn"]
[EventRounds "9"]
[EventCountry "BRA"]
[EventCategory "3"]

1. d4 d5 2. c4 c6 3. Nc3 Nf6 4. e3 a6 5. Qc2 g6 6. a4 Bg7 7. Nf3 O-O 8. a5 c5
9. cxd5 cxd4 10. exd4 Nxd5 11. Nxd5 Qxd5 12. Bc4 Qd6 13. O-O b5 14. axb6 Bb7
15. Qe2 Nd7 16. Bg5 e6 17. Bxa6 Bxf3 18. Qxf3 Qxb6 19. Qb7 Ra7 20. Qxb6 Nxb6
21. Be2 Rxa1 22. Rxa1 Bxd4 23. Ra2 Rc8 24. b3 Rc3 25. Bd1 Kg7 26. Bd2 Rc8 27.
Kf1 Bc3 28. Be3 Nd5 29. Rc2 Rd8 30. Bf3 Nxe3+ 31. fxe3 Be5 32. Kf2 Rd3 33. g3
Rxb3 34. e4 h5 35. Ra2 Rb7 36. Kg2 Kh6 37. h4 Rb4 38. Rd2 Kg7 39. Rc2 Kf6 40.
Ra2 Bc7 41. Rc2 Bb6 42. Rc8 Rb2+ 43. Kh3 Bg1 44. g4 Ke5 45. Rc7 f5 46. exf5 Kf4
0-1

[Event "Memorial J T Mangini"]
[Site "Rio de Janeiro"]
[Date "2011.03.31"]
[Round "3.3"]
[White "De Carvalho, Jose Jorge"]
[Black "De Paiva, Pedro Henrique"]
[Result "1-0"]
[WhiteElo "2208"]
[BlackElo "2242"]
[PlyCount "149"]
[EventDate "2011.03.29"]
[EventType "tourn"]
[EventRounds "9"]
[EventCountry "BRA"]
[EventCategory "3"]

1. d4 Nf6 2. c4 g6 3. Nc3 d5 4. Nf3 Bg7 5. Bf4 dxc4 6. e4 c5 7. d5 Qa5 8. Nd2
Nh5 9. Be3 Nd7 10. Bxc4 O-O 11. Be2 b5 12. O-O Ba6 13. f4 c4 14. e5 Nb6 15. a3
Rad8 16. g4 Nxf4 17. Bxf4 Nxd5 18. Nxd5 Rxd5 19. Bf3 Rd3 20. Be4 Qb6+ 21. Rf2
Rd7 22. Qc2 Rfd8 23. Nf3 Bb7 24. Raf1 Bc6 25. Bg3 Bh6 26. g5 Bg7 27. Bxc6 Qxc6
28. Rd2 Qc5+ 29. Bf2 Rxd2 30. Qxd2 Rxd2 31. Bxc5 Rxb2 32. Bxa7 e6 33. Bc5 h6
34. h4 hxg5 35. hxg5 Re2 36. Rf2 Re4 37. Bd6 Re3 38. Kg2 Bf8 39. Rd2 Rb3 40.
Nd4 Rb1 41. Nc6 Rb3 42. Kf2 Rh3 43. Nd4 Rh2+ 44. Ke3 Rh3+ 45. Kf4 Rh4+ 46. Ke3
Rh3+ 47. Ke2 Rg3 48. Nf3 Rg2+ 49. Ke3 Rg4 50. Rb2 c3 51. Rc2 Rc4 52. Bxf8 Kxf8
53. Kd3 Rf4 54. Nd4 Rg4 55. Nxb5 Rxg5 56. Kd4 f6 57. Rf2 f5 58. Nxc3 Ke7 59.
Rh2 f4 60. Ne4 Rf5 61. Rh7+ Kf8 62. Nd6 Rg5 63. Rf7+ Kg8 64. Rxf4 Rg3 65. Rf6
Kg7 66. Nc4 g5 67. a4 Rg1 68. a5 g4 69. Rxe6 g3 70. Ne3 g2 71. Nxg2 Rxg2 72. a6
Kf7 73. Rb6 Ra2 74. Kd5 Ke7 75. Kc6 1-0

[Event "Memorial J T Mangini"]
[Site "Rio de Janeiro"]
[Date "2011.03.31"]
[Round "3.4"]
[White "Abdalla, Luiz Guilherme Aure"]
[Black "Barbosa, Evandro Amorim"]
[Result "1/2-1/2"]
[WhiteElo "2322"]
[BlackElo "2319"]
[PlyCount "36"]
[EventDate "2011.03.29"]
[EventType "tourn"]
[EventRounds "9"]
[EventCountry "BRA"]
[EventCategory "3"]

1. Nf3 c5 2. c4 Nc6 3. Nc3 e5 4. g3 g6 5. Bg2 Bg7 6. a3 a5 7. O-O d6 8. d3 Nge7
9. Bd2 O-O 10. Rb1 Rb8 11. Ne1 Be6 12. Nc2 d5 13. cxd5 Nxd5 14. Nxd5 Bxd5 15.
Bxd5 Qxd5 16. b4 axb4 17. axb4 cxb4 18. Nxb4 Nxb4 1/2-1/2

[Event "Memorial J T Mangini"]
[Site "Rio de Janeiro"]
[Date "2011.03.31"]
[Round "3.5"]
[White "Della Morte, German"]
[Black "Stamenkovic, Dragan"]
[Result "1/2-1/2"]
[WhiteElo "2351"]
[BlackElo "2389"]
[PlyCount "24"]
[EventDate "2011.03.29"]
[EventType "tourn"]
[EventRounds "9"]
[EventCountry "BRA"]
[EventCategory "3"]

1. e4 c5 2. Nf3 Nc6 3. d4 cxd4 4. Nxd4 Nf6 5. Nc3 e5 6. Ndb5 d6 7. Bg5 a6 8.
Na3 b5 9. Nd5 Be7 10. Bxf6 Bxf6 11. c4 Bg5 12. cxb5 Nd4 1/2-1/2

[Event "Memorial J T Mangini"]
[Site "Rio de Janeiro"]
[Date "2011.04.01"]
[Round "4.1"]
[White "Cubas, Jose Fernando"]
[Black "Stamenkovic, Dragan"]
[Result "1-0"]
[WhiteElo "2463"]
[BlackElo "2389"]
[PlyCount "55"]
[EventDate "2011.03.29"]
[EventType "tourn"]
[EventRounds "9"]
[EventCountry "BRA"]
[EventCategory "3"]

1. e4 c5 2. Nc3 g6 3. f4 Bg7 4. Nf3 Nc6 5. Bb5 Nd4 6. O-O e6 7. Nxd4 cxd4 8.
Ne2 Ne7 9. d3 O-O 10. Qe1 d6 11. Ba4 Bd7 12. Bb3 b5 13. Bd2 Kh8 14. Kh1 Qb6 15.
Qh4 Nc6 16. f5 exf5 17. exf5 Bxf5 18. Ng3 Qc5 19. Nxf5 gxf5 20. Rf3 f4 21. Raf1
Rae8 22. Bxf4 f6 23. Rh3 Qf5 24. Bd5 Nd8 25. Kg1 Rf7 26. Be5 Qg6 27. Bxf7 Nxf7
28. Rxf6 1-0

[Event "Memorial J T Mangini"]
[Site "Rio de Janeiro"]
[Date "2011.04.01"]
[Round "4.3"]
[White "De Paiva, Pedro Henrique"]
[Black "Abdalla, Luiz Guilherme Aure"]
[Result "1-0"]
[WhiteElo "2242"]
[BlackElo "2322"]
[PlyCount "109"]
[EventDate "2011.03.29"]
[EventType "tourn"]
[EventRounds "9"]
[EventCountry "BRA"]
[EventCategory "3"]

1. e4 e6 2. d4 d5 3. Nd2 Nf6 4. e5 Nfd7 5. Bd3 c5 6. c3 Nc6 7. Ngf3 g6 8. O-O
Bg7 9. Qe2 O-O 10. Rd1 cxd4 11. cxd4 f6 12. exf6 Qxf6 13. Nf1 e5 14. Ne3 Nxd4
15. Nxd4 exd4 16. Nxd5 Qe5 17. Bd2 Qxe2 18. Bxe2 Ne5 19. Bb4 Rd8 20. Rxd4 Be6
21. Rad1 Bxd5 22. Rxd5 Rxd5 23. Rxd5 Nc6 24. Bc4 Kh8 25. Ba3 Re8 26. Kf1 Nd4
27. Bd3 Nc6 28. f4 a6 29. b3 Bc3 30. Kf2 Nb4 31. Rd7 b5 32. Be2 Nxa2 33. Bc5
Nb4 34. h4 Rc8 35. Be3 Nc2 36. Bd2 Bxd2 37. Rxd2 Rc3 38. h5 Nb4 39. h6 Kg8 40.
Rd8+ Kf7 41. Rd7+ Kf6 42. Rxh7 Nd5 43. g3 Rc7 44. Rh8 Nc3 45. Bd3 a5 46. Rf8+
Rf7 47. Rc8 b4 48. Rc6+ Ke7 49. Rc7+ Kf6 50. Rc6+ Ke7 51. Bxg6 Rf8 52. h7 Nb5
53. Rc5 Nd4 54. Ke3 Nxb3 55. Re5+ 1-0

[Event "Memorial J T Mangini"]
[Site "Rio de Janeiro"]
[Date "2011.04.01"]
[Round "4.4"]
[White "Teixeira, Ricardo Da Silva"]
[Black "De Carvalho, Jose Jorge"]
[Result "0-1"]
[WhiteElo "2311"]
[BlackElo "2208"]
[PlyCount "108"]
[EventDate "2011.03.29"]
[EventType "tourn"]
[EventRounds "9"]
[EventCountry "BRA"]
[EventCategory "3"]

1. d4 Nf6 2. Nf3 g6 3. c4 c6 4. Nc3 d5 5. e3 Bg7 6. Qb3 O-O 7. Bd3 a6 8. cxd5
cxd5 9. Bd2 Nc6 10. Rc1 Bf5 11. Bxf5 gxf5 12. O-O Rb8 13. Na4 Ne4 14. Qb6 Qd6
15. Rfd1 Rfd8 16. g3 e6 17. Kg2 Qe7 18. Be1 Rd6 19. Qb3 Qd8 20. Nc5 Bf8 21. Qd3
Na5 22. b3 Nxc5 23. Rxc5 Nc6 24. Rdc1 Rd7 25. R5c2 Ba3 26. Rb1 Bb4 27. a3 Bd6
28. b4 Qe7 29. Bd2 Kh8 30. Rbc1 Rg8 31. Qe2 Qf6 32. Kh1 Rg4 33. Rxc6 bxc6 34.
Qxa6 Qe7 35. Rxc6 Ra7 36. Qd3 Rg8 37. Qb3 Rga8 38. Bc1 Qd7 39. Rc3 Qb5 40. Kg2
Kg7 41. Ne1 h5 42. Nd3 h4 43. Qc2 Rh8 44. Nc5 Raa8 45. Qd3 Qb8 46. b5 Rh5 47.
Kf3 hxg3 48. hxg3 Bxg3 49. fxg3 Rh3 50. Qf1 Qxg3+ 51. Ke2 Rh2+ 52. Kd3 Rf2 53.
Qe1 Qg2 54. b6 Qe4+ 0-1

[Event "Memorial J T Mangini"]
[Site "Rio de Janeiro"]
[Date "2011.04.01"]
[Round "4.5"]
[White "Di Berardino, Diego Rafael"]
[Black "Chauca, Jose"]
[Result "1-0"]
[WhiteElo "2480"]
[BlackElo "2072"]
[PlyCount "51"]
[EventDate "2011.03.29"]
[EventType "tourn"]
[EventRounds "9"]
[EventCountry "BRA"]
[EventCategory "3"]

1. e4 c5 2. Nc3 a6 3. Nf3 e6 4. d4 cxd4 5. Nxd4 Qc7 6. Be2 d6 7. O-O Nf6 8. f4
Nc6 9. Kh1 Be7 10. Be3 Bd7 11. Qe1 O-O 12. Qg3 Kh8 13. Rad1 Ng8 14. Nf3 b5 15.
a3 Rab8 16. Bd3 b4 17. axb4 Nxb4 18. Bd4 f6 19. e5 Nxd3 20. Rxd3 Rxb2 21. Nd5
Qxc2 22. Rd2 Qc6 23. exf6 Nxf6 24. Nxf6 Rxd2 25. Nh5 Rf7 26. Bxg7+ 1-0

[Event "Memorial J T Mangini"]
[Site "Rio de Janeiro"]
[Date "2011.04.02"]
[Round "5.1"]
[White "Chauca, Jose"]
[Black "Cubas, Jose Fernando"]
[Result "0-1"]
[WhiteElo "2072"]
[BlackElo "2463"]
[PlyCount "64"]
[EventDate "2011.03.29"]
[EventType "tourn"]
[EventRounds "9"]
[EventCountry "BRA"]
[EventCategory "3"]

1. d4 Nf6 2. Nf3 e6 3. g3 c5 4. Bg2 Nc6 5. O-O d5 6. e3 Be7 7. c4 O-O 8. cxd5
exd5 9. dxc5 Bxc5 10. Nbd2 Bg4 11. h3 Bh5 12. g4 Bg6 13. a3 Bb6 14. Nb3 Ne4 15.
Nbd4 Re8 16. Qa4 Rc8 17. Rd1 h5 18. Nxc6 bxc6 19. Nd4 hxg4 20. hxg4 Qh4 21. Rf1
Bc7 22. f4 Qxg4 23. Qd1 Qxd1 24. Rxd1 Bb6 25. Bh3 Rc7 26. Bg4 Nf6 27. Bf3 c5
28. Nb5 Rd7 29. b4 cxb4 30. axb4 Bxe3+ 31. Bxe3 Rxe3 32. Kf2 Rxf3+ 0-1

[Event "Memorial J T Mangini"]
[Site "Rio de Janeiro"]
[Date "2011.04.02"]
[Round "5.2"]
[White "De Carvalho, Jose Jorge"]
[Black "Di Berardino, Diego Rafael"]
[Result "0-1"]
[WhiteElo "2208"]
[BlackElo "2480"]
[PlyCount "62"]
[EventDate "2011.03.29"]
[EventType "tourn"]
[EventRounds "9"]
[EventCountry "BRA"]
[EventCategory "3"]

1. e4 e6 2. d4 d5 3. Nd2 Nf6 4. e5 Nfd7 5. Ngf3 b6 6. a4 c5 7. c3 Ba6 8. Bxa6
Nxa6 9. Qe2 Nc7 10. h4 Be7 11. Nf1 Qc8 12. Bg5 Qa6 13. Qe3 cxd4 14. Nxd4 Bc5
15. Qg3 h6 16. Be3 O-O-O 17. Nd2 f6 18. N2f3 fxe5 19. Nc6 Bxe3 20. fxe3 e4 21.
Nxd8 exf3 22. gxf3 Rxd8 23. Qxg7 h5 24. b4 Qd3 25. Qd4 Qf5 26. Ke2 Ne5 27. Rhf1
Rg8 28. e4 Rg2+ 29. Ke3 Qf6 30. f4 Nc4+ 31. Kf3 Qg6 0-1

[Event "Memorial J T Mangini"]
[Site "Rio de Janeiro"]
[Date "2011.04.02"]
[Round "5.3"]
[White "Abdalla, Luiz Guilherme Aure"]
[Black "Teixeira, Ricardo Da Silva"]
[Result "1/2-1/2"]
[WhiteElo "2322"]
[BlackElo "2311"]
[PlyCount "34"]
[EventDate "2011.03.29"]
[EventType "tourn"]
[EventRounds "9"]
[EventCountry "BRA"]
[EventCategory "3"]

1. d4 e6 2. c4 f5 3. g3 Nf6 4. Bg2 d5 5. Nf3 Bd6 6. O-O O-O 7. b3 c6 8. Ba3
Bxa3 9. Nxa3 Qe7 10. Nc2 Nbd7 11. Nce1 dxc4 12. bxc4 e5 13. dxe5 Nxe5 14. Nxe5
Qxe5 15. Nf3 Qe7 16. Rb1 Ne4 17. Qc2 Nc5 1/2-1/2

[Event "Memorial J T Mangini"]
[Site "Rio de Janeiro"]
[Date "2011.04.02"]
[Round "5.4"]
[White "Della Morte, German"]
[Black "De Paiva, Pedro Henrique"]
[Result "1-0"]
[WhiteElo "2351"]
[BlackElo "2242"]
[PlyCount "100"]
[EventDate "2011.03.29"]
[EventType "tourn"]
[EventRounds "9"]
[EventCountry "BRA"]
[EventCategory "3"]

1. e4 c5 2. Nf3 d6 3. d4 cxd4 4. Nxd4 Nf6 5. Nc3 a6 6. f4 e5 7. Nf3 Qc7 8. a4
Be7 9. Bd3 Be6 10. O-O Nbd7 11. Qe1 exf4 12. Bxf4 Ne5 13. Kh1 Ng6 14. Be3 O-O
15. Nd4 Ng4 16. Bg1 Bf6 17. Rd1 Rae8 18. Be2 Bxd4 19. Rxd4 N4e5 20. Qd2 Bc4 21.
Rd1 Re6 22. Bh5 Rc8 23. Rxd6 Rxd6 24. Qxd6 Qxd6 25. Rxd6 Nf4 26. Bd4 Nc6 27.
Bg4 Be6 28. Bxe6 Nxe6 29. Bf2 Na5 30. Rd5 Nc4 31. Nd1 Kf8 32. b3 Na3 33. c4 Ke7
34. Bb6 Nc2 35. Rd2 Nb4 36. Ne3 Nc6 37. Nf5+ Kf8 38. Rd7 Rb8 39. Nd6 Ne5 40.
Rxb7 Rxb7 41. Nxb7 Ke7 42. Nc5 Nd4 43. Kg1 Nec6 44. Kf2 Nb4 45. Nxa6 Nbc2 46.
Nc5 Kd6 47. a5 Kc6 48. e5 h5 49. h4 Nf5 50. Nd3 Nxh4 1-0